[Event "EU-ch U12 27th"]
[Site "Mamaia"]
[Date "2017.09.09"]
[Round "5"]
[White "Rata, Andrei"]
[Black "Paraskevov, Emil"]
[Result "0-1"]
[WhiteElo "1529"]
[BlackElo "1411"]
[PlyCount "50"]
[EventDate "2017.09.05"]
[EventType "swiss"]
[EventRounds "9"]
[EventCountry "ROU"]
[SourceTitle "CBM 180 Extra"]
[Source "ChessBase"]
[SourceDate "2017.10.06"]
[SourceVersion "1"]
[SourceVersionDate "2017.10.06"]
[SourceQuality "1"]

1. e4 d6 2. d4 Nf6 3. Nc3 g6 4. f3 Bg7 5. Be3 c6 6. Qd2 h5 7. Bd3 Nbd7 8. 0-0-0 b5 9. f4 Ng4 10. e5 dxe5 11. dxe5 Nxe3 12. Qxe3 e6 13. Ne4 0-0 14. Ng5 Qb6 15. Qh3 Bh6 16. Nxe6 Re8 17. Ng5 Nxe5 18. Qg3 Nxd3+ 19. Qxd3 Bf5 20. Qb3 Bxg5 21. fxg5 Qf2 22. Nf3 Rad8 23. Rxd8 Rxd8 24. Ne5 Qf4+ 25. Kb1 Qxe5 0-1

[Event "EU-ch U12 27th"]
[Site "Mamaia"]
[Date "2017.09.08"]
[Round "4"]
[White "Paraskevov, Emil"]
[Black "Nedelcu, Alexandru Nicholas"]
[Result "1-0"]
[WhiteElo "1411"]
[BlackElo "1057"]
[PlyCount "59"]
[EventDate "2017.09.05"]
[EventType "swiss"]
[EventRounds "9"]
[EventCountry "ROU"]
[SourceTitle "CBM 180 Extra"]
[Source "ChessBase"]
[SourceDate "2017.10.06"]
[SourceVersion "1"]
[SourceVersionDate "2017.10.06"]
[SourceQuality "1"]

1. d4 d5 2. e3 Nf6 3. Bd3 Bg4 4. f3 Bh5 5. Ne2 e6 6. 0-0 Be7 7. Nd2 0-0 8. c3 Nbd7 9. f4 Bg6 10. Bxg6 hxg6 11. Nf3 c5 12. Ne5 Nxe5 13. fxe5 Ne4 14. Ng3 Nxg3 15. hxg3 cxd4 16. exd4 Bg5 17. Qg4 Bxc1 18. Raxc1 Qe7 19. Kh2 g5 20. Rh1 f6 21. exf6 Qxf6 22. Rhf1 Qh6+ 23. Kg1 Rxf1+ 24. Rxf1 Qg6 25. Re1 Kf7 26. Qf3+ Qf6 27. Qe2 Rc8 28. Rf1 Qxf1+ 29. Qxf1+ Ke7 30. Qb5 1-0